Every 100k+ City in North East Megalopolis on a Map - Statistics

General Stats
  • This quiz has been taken 1,118 times
  • The average score is 20 of 38
Answers on the Map
Answers color-coded by a green-red scale on the quiz's map according to % correct below.
 
Answer Stats
Population City % Correct
4.18 mil Boston
98%
18.3 mil New York City
98%
5.44 mil Philadelphia
95%
4.58 mil Washington, D.C.
95%
2.2 mil Baltimore
93%
1.19 mil Providence
88%
1.43 mil Virginia Beach
86%
924k Hartford
84%
953k Richmond
82%
203k Portland
76%
562k New Haven
74%
296k Trenton
73%
110k Dover
70%
248k Atlantic City
67%
444k Harrisburg
66%
158k Manchester
65%
923k Bridgeport
63%
486k Worcester
62%
621k Springfield
57%
381K Scranton
56%
664k Allentown
53%
402k Lancaster
38%
226k Nashua
37%
423k Poughkeepsie
35%
266k Reading
33%
141k Frederick
32%
232k York
31%
149k New Bedford
30%
194k Waterbury
28%
168k Danbury
26%
182k Hagerstown
22%
246k Barnstable Town
19%
141k Fredericksburg
17%
209k Norwich
16%
213k Aberdeen
11%
116k Leominster
9%
109k Waldorf
9%
107k Pottstown
8%
No matching quizzes found
Score Distribution
Percent of People with Each Score
Percentile by Number Answered
Your Score History
You have not taken this quiz